| 000 | 00612nam a2200169 a 4500 | ||
|---|---|---|---|
| 001 | 000043974 | ||
| 005 | 20201002045056.0 | ||
| 008 | 140512s1985 sp ac 000 0 spa d | ||
| 040 |
_aDO-SdBNP _bspa _cBNPHU |
||
| 245 | 0 | 0 |
_a100 Obras maestras del arte Portugues / _cdirección Luis Caruncho Amat; traducción Isabel Prieto. |
| 246 | 1 | 3 | _aCien obras maestras del arte Portugues |
| 260 |
_aMadrid, : _bArtes gráficas Luis Pérez, _c1985. |
||
| 300 |
_a328 p. : _bil., retrs. ; _c22 cm. |
||
| 504 | _aBibliografía p: 323-329 | ||
| 700 | 1 | 2 |
_aPrieto, Isabel _etrad. _925535 |
| 700 | 1 | 2 |
_aCaruncho Amat, Luis _edir. _971924 |
| 999 |
_c43463 _d43463 |
||